Paroles - PLK - Attentat - Statistiques

Statistiques générales
  • Ce quiz a été pris 418 fois
  • Le résultat moyen est 283 sur 469
Statistiques - réponses
Paroles % Correct
a
99%
à
99%
un
99%
attentat
98%
bombe,
98%
une
98%
C'est
97%
c'est
97%
Elle
96%
elle
96%
la
95%
pas
95%
me
94%
m'a
91%
ma
91%
de
90%
toi
89%
toi,
89%
par
88%
je
87%
le
86%
Ne
86%
se
85%
trop
85%
ai
82%
parle
82%
pour
82%
regard
82%
Des
81%
des
81%
juste
81%
Tu
81%
tu
81%
clim'
80%
met
80%
que
80%
dérouté
77%
écouter
76%
comme
75%
Comme
75%
clean
74%
parler,
74%
ça
73%
on
73%
ou
73%
j'en
72%
l'attends
72%
Mais
72%
mais
72%
si
72%
Si
72%
dégouté
71%
meufs
71%
Ses
70%
spécial
70%
spécimen
70%
chose
69%
Et
69%
mes
69%
quelque
69%
J'sais
68%
j'sais
68%
vas
68%
bijoux
67%
en
67%
sacré
67%
bling
66%
brillent
65%
chant
65%
moi
65%
Moi,
65%
sirènes
65%
avoir
64%
m'aimer
64%
veux
64%
dans
62%
faut
62%
messages
61%
peu
59%
au
58%
Clara
58%
Poto,
58%
qui
58%
s'faire
58%
lit
57%
Naomie
57%
t'étouffer
56%
belle
55%
veut
54%
avec
52%
couplets
52%
plus
52%
qu'à
52%
peut
51%
rester
51%
ton
51%
règlera
50%
sur
50%
Sur
50%
Snap'
49%
tournée,
49%
Cannes
48%
suite
48%
dame,
47%
sait
47%
t'as
47%
T'as
47%
attaquant
46%
fois
46%
j'suis
46%
avion,
45%
dernière
45%
peur
45%
quand
45%
qu'on
45%
s'passer
45%
balader
44%
c'qui
44%
devenir
44%
Saint-Tropez
44%
Mode
43%
s'placer
43%
t'inquiète,
43%
aille
42%
les
42%
cassé
41%
go,
41%
après
40%
Copine,
40%
décoller
40%
J'pense
40%
numéro
40%
qu'j'parle
40%
s'capte
40%
Champagne
39%
envoie
39%
route,
39%
Parce
38%
Snapchat,
37%
celui
36%
qu'j'lai
36%
qu'j'l'ai
36%
mon
35%
y
35%
Donne-moi
34%
Marbe'
31%
t'es
31%
J'ai
30%
direct
29%
m'donnes
29%
qu't'appelles
29%
cœur
28%
m'accuses,
28%
t'inquiètes
28%
cassée
27%
s'attrape
26%
missile
24%
vois
24%
vitre
23%
Depuis
22%
teintée
22%
j'te
21%
laisse
21%
m'vois
20%
Tesla
20%
connais
19%
français
19%
pe'-sna
19%
Viens,
19%
zéro
19%
n'pense
18%
retard
18%
dialecte
17%
épaules
17%
Plein
17%
tous
17%
croisée,
16%
d'un
16%
perturbe
15%
besoin
14%
envoie-moi
14%
imbéciles
14%
même
14%
phares
14%
rend
14%
gros
13%
qu't'as
13%
s'connecte,
13%
son
13%
indécise
12%
loin
12%
vu
11%
d'ici
10%
Marseille
10%
rends
10%
très
10%
Bouillante
9%
J'aime
9%
laud-sa
9%
dead
8%
j'arbat
6%
cavu,
5%
gestuelle,
5%
qu'j'l'emmène
5%
selek
5%
Té-ma
5%
cous',
4%
m'trix-ma
3%
Sinon,
2%
colle
1%
Aucun quiz correspondant
Distribution des résultats
% des personnes avec chaque résultat
Percentile par nombre de réponses
Votre historique - résultats
Vous n’avez pas pris ce quiz